| 000 | 00506nam a22001697a 4500 | ||
|---|---|---|---|
| 082 | _aBEE-4 TAR | ||
| 100 |
_aAsad Tariq _992136 |
||
| 245 | _aHandmade: Hand deformities monitoring glove | ||
| 260 |
_aIslamabad _bNUST-SEECS _c2016 |
||
| 300 |
_a65p. _b27cm. _eCD includes |
||
| 500 | _aSupervisors: Dr. Osman Hassan, Dr. Sohail Iqbal | ||
| 563 | _aHB | ||
| 700 |
_aMahnoor Ali _993214 |
||
| 700 |
_aSaad Mehmood _993215 |
||
| 856 | _uhttp://10.250.8.41:8080/xmlui/handle/123456789/6272 | ||
| 942 |
_cPR _2ddc |
||
| 999 |
_c13634 _d13634 |
||